[Event "4NCL 3 South pool B"]
[Site "Telford, ENG"]
[Date "2018.02.11"]
[Round "6.51"]
[White "Healey, Michael W"]
[Black "Thompson, Ian D"]
[Result "0-1"]
[WhiteElo "2142"]
[BlackElo "2193"]
[PlyCount "78"]
[EventDate "2018.02.11"]

1. b4 e5 2. Bb2 Bxb4 3. Bxe5 Nf6 4. c4 O-O 5. e3 d5 6. Nf3 c5 7. cxd5 Nxd5 8.
Be2 Nc6 9. Bb2 Bf5 10. O-O Qe7 11. Bc4 Nb6 12. Bb5 Rac8 13. a3 Ba5 14. Bc3 a6
15. Bxa5 Nxa5 16. Be2 Rfd8 17. Nc3 Bd3 18. Bxd3 Rxd3 19. Qb1 Qd8 20. Ne4 c4 21.
Ra2 Nb3 22. Ne5 Rd5 23. f4 f6 24. Nf3 Na4 25. Re1 b5 26. g4 Nbc5 27. g5 Nxe4
28. Qxe4 Nc5 29. Qb1 fxg5 30. d4 Nd3 31. Rg2 gxf4 32. Ne5 Rxe5 33. dxe5 f3 34.
Rd2 Qg5+ 35. Kh1 Nxe1 36. Qxe1 Qxe5 37. Qd1 Rf8 38. Rd8 Qf6 39. Rxf8+ Kxf8 0-1

[Event "4NCL 3 South pool B"]
[Site "Telford, ENG"]
[Date "2018.02.11"]
[Round "6.52"]
[White "Farrand, Tom"]
[Black "Alizada, Eldar"]
[Result "1-0"]
[WhiteElo "2163"]
[BlackElo "2140"]
[PlyCount "111"]
[EventDate "2018.02.11"]

1. e4 e6 2. d4 d5 3. Nc3 dxe4 4. Nxe4 Nd7 5. Nf3 Ngf6 6. Nxf6+ Nxf6 7. Qd3 Be7
8. Bf4 O-O 9. Be2 b6 10. Ng5 h6 11. h4 Bd6 12. Bd2 Bb7 13. O-O-O a5 14. Qh3 Qe7
15. Bf3 Bd5 16. Kb1 a4 17. Bxd5 Nxd5 18. Qd3 Nf6 19. Rde1 Qd7 20. Re3 Rfd8 21.
Rf3 Be7 22. Be3 c5 23. c3 e5 24. Qc4 Qd5 25. Qxd5 Rxd5 26. c4 Rxd4 27. Bxd4
cxd4 28. Re1 hxg5 29. Rxe5 Bd6 30. Rxg5 Ne4 31. Rd5 Nd2+ 32. Kc2 Nxf3 33. Rxd6
Nxh4 34. Rxd4 Nxg2 35. Rd6 Rb8 36. Kc3 b5 37. c5 Nh4 38. Rb6 Ra8 39. Rxb5 Nf5
40. c6 Nd6 41. Rd5 Ne8 42. Kb4 Kf8 43. Rd7 Nf6 44. Rb7 Rc8 45. Kb5 Ke8 46. b4
axb3 47. axb3 Ne4 48. Kb6 Nxf2 49. b4 Ne4 50. Rd7 Nf6 51. Rd4 Rd8 52. c7 Nd7+
53. Kb7 Nc5+ 54. bxc5 Rxd4 55. c8=Q+ Rd8 56. Qxd8+ 1-0

[Event "4NCL 3 South pool B"]
[Site "Telford, ENG"]
[Date "2018.02.11"]
[Round "6.53"]
[White "McKenna, Jason P"]
[Black "Frostick, Clive A"]
[Result "0-1"]
[WhiteElo "2109"]
[BlackElo "2148"]
[PlyCount "64"]
[EventDate "2018.02.11"]

1. e4 c5 2. Nf3 Nf6 3. e5 Nd5 4. Nc3 Nxc3 5. dxc3 Nc6 6. Bc4 e6 7. Bf4 h6 8. h4
b6 9. Qd2 Bb7 10. O-O-O Qc7 11. h5 O-O-O 12. Rh3 Na5 13. Be2 Bc6 14. Ne1 Nb7
15. Ba6 Kb8 16. Bxb7 Qxb7 17. Rg3 Ka8 18. Kb1 c4 19. Nf3 Bd5 20. Nd4 a6 21. f3
d6 22. exd6 f6 23. Nf5 Rd7 24. Ne3 Bxd6 25. Bxd6 Rxd6 26. Nxc4 Rd7 27. Ne3
Bxa2+ 28. Kxa2 Rxd2 29. Rxd2 f5 30. Rg6 Rf8 31. Nc4 Rf6 32. Nd6 Qd7 0-1

[Event "4NCL 3 South pool B"]
[Site "Telford, ENG"]
[Date "2018.02.11"]
[Round "6.54"]
[White "Amato, Giampiero"]
[Black "Duggan, Christopher"]
[Result "0-1"]
[WhiteElo "2094"]
[BlackElo "2029"]
[PlyCount "78"]
[EventDate "2018.02.11"]

1. e4 c5 2. Nf3 Nc6 3. d4 cxd4 4. Nxd4 e5 5. Nb5 a6 6. Nd6+ Bxd6 7. Qxd6 Qf6 8.
Qd1 Qg6 9. Nc3 Nge7 10. h4 h5 11. Bg5 d5 12. exd5 Nd4 13. Bd3 Bf5 14. Rc1 f6
15. d6 fxg5 16. dxe7 gxh4 17. Bxf5 Qxf5 18. Rxh4 Qg5 19. Rh2 Qxe7 20. Rxh5
O-O-O 21. Qg4+ Kb8 22. Qh3 Rhf8 23. Qg3 Nf5 24. Qh3 Nd4 25. Qh2 g5 26. a3 Rf4
27. Rh8 Ka7 28. Rxd8 Qxd8 29. Qg3 Rh4 30. Qe3 Ka8 31. Qd3 Qd7 32. Rd1 Qg4 33.
Kd2 Qxg2 34. Ne2 Qxf2 35. Re1 Nf3+ 36. Kc3 Qxe1+ 37. Kb3 Nd4+ 38. Nxd4 Rxd4 39.
Qf5 Qa5 0-1

[Event "4NCL 3 South pool B"]
[Site "Telford, ENG"]
[Date "2018.02.11"]
[Round "6.55"]
[White "Burrows, Nick"]
[Black "Fegan, Chris"]
[Result "0-1"]
[WhiteElo "2057"]
[BlackElo "2034"]
[PlyCount "60"]
[EventDate "2018.02.11"]

1. Nf3 d6 2. c4 g6 3. g3 Bg7 4. Bg2 f5 5. d4 Nf6 6. b3 Ne4 7. Bb2 c5 8. Nc3 Nc6
9. e3 O-O 10. O-O Nxc3 11. Bxc3 Kh8 12. Qd2 e5 13. dxe5 dxe5 14. Qxd8 Rxd8 15.
Ng5 Rd3 16. Bxc6 Rxc3 17. Rfd1 Bf6 18. Nf7+ Kg7 19. Bd5 f4 20. e4 20... Bg4 $11
21. Rd2 Rf8 22. Nd6 Bg5 23. Rb2 h5 24. Nxb7 fxg3 25. hxg3 h4 26. gxh4 Rh3 27.
Kg2 Rxh4 28. Rg1 Bh3+ 29. Kg3 Bf4+ 30. Kxh4 Rh8# 0-1

[Event "4NCL 3 South pool B"]
[Site "Telford, ENG"]
[Date "2018.02.11"]
[Round "6.56"]
[White "Rice, Chris B"]
[Black "Dickinson, Tim R"]
[Result "1-0"]
[WhiteElo "1953"]
[BlackElo "2080"]
[PlyCount "121"]
[EventDate "2018.02.11"]

1. c4 e6 2. g3 d5 3. Bg2 Nf6 4. Nf3 dxc4 5. O-O Bd6 6. Na3 Bxa3 7. bxa3 c3 8.
d3 Nc6 9. Qc2 O-O 10. Qxc3 Re8 11. d4 Ne4 12. Qc2 f5 13. Bb2 Ne7 14. Ne5 Nd6
15. Qb3 a5 16. Rac1 c6 17. a4 Ng6 18. Rfd1 Qg5 19. Ba3 Nxe5 20. Bxd6 Nf7 21.
Bf4 Qe7 22. Rc5 Kh8 23. Qc3 Qd8 24. Rd3 Qb6 25. Qc2 Bd7 26. Rb3 Qa6 27. Bc7 b5
28. axb5 cxb5 29. Bxa8 Qxa8 30. Qd2 a4 31. Re3 Ng5 32. f3 Bc6 33. Kg2 Qb7 34.
Bf4 Nf7 35. d5 exd5 36. Rxe8+ Bxe8 37. Rxd5 b4 38. Rd4 b3 39. axb3 Qxb3 40. Rb4
Qe6 41. Rb8 h6 42. Kf1 Kh7 43. Qc3 Bd7 44. Rb7 Qd5 45. Rc7 Bb5 46. Kf2 Qe6 47.
Qb2 Bc4 48. Be3 Bb3 49. Bd4 f4 50. g4 h5 51. h3 hxg4 52. hxg4 Kg8 53. Rc5 Nd6
54. Rg5 Nc4 55. Rxg7+ Kf8 56. Qc3 Qd6 57. Rg5 Ke8 58. Bc5 Qh6 59. Rh5 Qg6 60.
Qh8+ Kd7 61. Rh6 1-0

[Event "4NCL 3 South pool B"]
[Site "Telford, ENG"]
[Date "2018.02.11"]
[Round "6.61"]
[White "Moloney, Nicholas R"]
[Black "Josse, Mark"]
[Result "1/2-1/2"]
[WhiteElo "2173"]
[BlackElo "2161"]
[PlyCount "78"]
[EventDate "2018.02.11"]

1. d4 d5 2. Nf3 Nf6 3. c4 dxc4 4. e3 Bg4 5. Bxc4 e6 6. O-O Nbd7 7. Nc3 Be7 8.
h3 Bh5 9. e4 Nb6 10. Be2 O-O 11. Be3 Rc8 12. Qb3 Bg6 13. Nd2 c5 14. dxc5 Bxc5
15. Bxc5 Rxc5 16. Rfd1 Qb8 17. a4 Rd8 18. a5 Nbd7 19. Qb4 Rcc8 20. Nb3 Ne5 21.
Nc5 b6 22. axb6 Qxb6 23. Qxb6 axb6 24. Nb7 Rxd1+ 25. Rxd1 h6 26. Nd6 Rc5 27. f4
Nc6 28. g4 Kf8 29. f5 Bh7 30. Nc8 Nd4 31. Ba6 e5 32. Nd6 h5 33. Ndb5 hxg4 34.
Nxd4 exd4 35. Rxd4 gxh3 36. Kh2 g6 37. fxg6 Bxg6 38. Kxh3 Re5 39. Bb7 Ke7
1/2-1/2

[Event "4NCL 3 South pool B"]
[Site "Telford, ENG"]
[Date "2018.02.11"]
[Round "6.62"]
[White "Byron, Alan M"]
[Black "Okhai, Shabir"]
[Result "1/2-1/2"]
[WhiteElo "2126"]
[BlackElo "2087"]
[PlyCount "34"]
[EventDate "2018.02.11"]

1. e4 e5 2. Nf3 Nc6 3. Nc3 Nf6 4. Bb5 Bb4 5. O-O O-O 6. d3 d6 7. Bg5 Bxc3 8.
bxc3 Ne7 9. Nh4 Ne8 10. d4 f6 11. Bc1 Be6 12. Qe2 c6 13. Bd3 Nc7 14. g3 Bf7 15.
Rb1 b6 16. a4 Ne6 17. Bb2 c5 1/2-1/2

[Event "4NCL 3 South pool B"]
[Site "Telford, ENG"]
[Date "2018.02.11"]
[Round "6.63"]
[White "Agnew, Alan"]
[Black "Piper, Stephen J"]
[Result "0-1"]
[WhiteElo "2100"]
[BlackElo "2059"]
[PlyCount "130"]
[EventDate "2018.02.11"]

1. d4 d6 2. c4 g6 3. Nc3 Bg7 4. e4 Nc6 5. Be3 e5 6. d5 Nce7 7. Bd3 Nf6 8. f3 a6
9. Nge2 Bd7 10. O-O h6 11. c5 O-O 12. Qb3 Bc8 13. Na4 dxc5 14. Nxc5 b6 15. Na4
Ne8 16. Rac1 Bb7 17. Rc2 Nc8 18. Nc5 Ncd6 19. Nxb7 Nxb7 20. Rfc1 Nbd6 21. Qa4
f5 22. h3 fxe4 23. fxe4 Kh7 24. Qc6 Rf6 25. Qc3 Rf7 26. Qd2 Qe7 27. a4 a5 28.
b3 Rd8 29. Ng3 Rd7 30. Kh2 Nf6 31. Kg1 Qd8 32. b4 32... axb4 $11 33. Qxb4 Bf8
34. Qc3 Qa8 35. Bb5 Rde7 36. Qd3 Nxb5 37. Qxb5 Rd7 38. Rc6 Bd6 39. Ra1 Qd8 40.
a5 bxa5 41. Qxa5 Rf8 42. Qd2 Ng8 43. Ne2 Qh4 44. Nc3 Rdf7 45. Rc4 g5 46. Qe2
Qg3 47. Re1 Ne7 48. Ra4 Ng6 49. Raa1 Nh4 50. Rf1 Nf3+ 51. Rxf3 Rxf3 52. Re1
Rxe3 53. Qxe3 Qxe3+ 54. Rxe3 Bc5 55. Nd1 Rf4 56. Kh2 Bxe3 57. Nxe3 Rxe4 58. Nf5
Rf4 59. Ne3 Rd4 60. Kg3 e4 61. Kf2 Rd3 62. Ke2 Kg6 63. g3 Kf7 64. h4 gxh4 65.
gxh4 h5 0-1

[Event "4NCL 3 South pool B"]
[Site "Telford, ENG"]
[Date "2018.02.11"]
[Round "6.64"]
[White "Compton, Alistair"]
[Black "Millward, Kevin P"]
[Result "1-0"]
[WhiteElo "2082"]
[BlackElo "2036"]
[PlyCount "65"]
[EventDate "2018.02.11"]

1. d4 d6 2. e4 g6 3. Nf3 Bg7 4. Bc4 e6 5. Bb3 c5 6. c3 Nf6 7. Qe2 O-O 8. e5
dxe5 9. dxe5 Nfd7 10. O-O Qc7 11. Re1 b6 12. Bf4 Nc6 13. Nbd2 Na5 14. Bc2 Bb7
15. Be4 Nc6 16. Nc4 Ba6 17. Bd3 b5 18. Nd6 c4 19. Bc2 Nb6 20. Rad1 Rab8 21. Ng5
h6 22. Nge4 Nd5 23. Rxd5 exd5 24. Nc5 Bc8 25. e6 fxe6 26. Nxe6 Bxe6 27. Qxe6+
Kh8 28. Qxg6 Bf6 29. Qxh6+ Kg8 30. Re3 Rf7 31. Nxf7 Qxf7 32. Bxb8 Nxb8 33. Bh7+
1-0

[Event "4NCL 3 South pool B"]
[Site "Telford, ENG"]
[Date "2018.02.11"]
[Round "6.65"]
[White "George, Matthew P"]
[Black "Jaszkiwskyj, Peter"]
[Result "1-0"]
[WhiteElo "2017"]
[BlackElo "1924"]
[PlyCount "175"]
[EventDate "2018.02.11"]

1. c4 c6 2. Nf3 Nf6 3. Nc3 d5 4. e3 g6 5. b3 Bg7 6. Bb2 O-O 7. Be2 Re8 8. d4
Bg4 9. O-O Nbd7 10. Rc1 e6 11. h3 Bxf3 12. Bxf3 Rc8 13. Qe2 a6 14. Rc2 Qe7 15.
Rfc1 Qd6 16. g3 Qb8 17. Bg2 b5 18. Nb1 Nb6 19. Nd2 Re7 20. Ba3 Ree8 21. Qd1
Nbd7 22. Bf1 b4 23. Bb2 a5 24. Qe2 Bh6 25. Nf3 Ne4 26. Kg2 Ndf6 27. Ne5 Qb7 28.
cxd5 cxd5 29. Qb5 Qxb5 30. Bxb5 Rxc2 31. Rxc2 Rb8 32. Ba4 Nd6 33. Rc7 Ra8 34.
Kf1 Bf8 35. Ke2 Nfe4 36. Nc6 h5 37. Ra7 Rxa7 38. Nxa7 Nb7 39. Nc6 Bd6 40. Bb5
Bc7 41. Ne5 Kg7 42. Ba6 Nd8 43. Nf3 Kf8 44. Nd2 Nd6 45. Bd3 Ke7 46. g4 hxg4 47.
hxg4 Nc6 48. f3 Bb6 49. Bb1 Nb5 50. Kd3 Kd7 51. Bc2 Ke7 52. Nb1 f5 53. gxf5
gxf5 54. a4 Nd6 55. Nd2 Kf6 56. Nf1 Kg5 57. Bc1 Kf6 58. Ng3 Kf7 59. Ne2 Ne7 60.
Bd2 Ng6 61. Be1 Bc7 62. Bg3 Ne8 63. Bxc7 Nxc7 64. e4 fxe4+ 65. fxe4 Kf6 66. Ke3
Kg5 67. Kf3 Nh4+ 68. Kg3 Ng6 69. Bd3 Ne7 70. Nf4 dxe4 71. Bxe4 Nf5+ 72. Bxf5
Kxf5 73. Kf3 Nd5 74. Nd3 Ne7 75. Ne5 Kf6 76. Ke4 Kg7 77. Kd3 Kf8 78. Kc4 Ke8
79. Kb5 Nf5 80. Nf3 Ne3 81. Kxa5 Nc2 82. Kb6 Kd8 83. Kb7 Na1 84. Nd2 Nc2 85. a5
Nxd4 86. a6 Nb5 87. a7 Nc7 88. Ne4 1-0

[Event "4NCL 3 South pool B"]
[Site "Telford, ENG"]
[Date "2018.02.11"]
[Round "6.66"]
[White "Gibson, Christopher A"]
[Black "Dydak, Mateusz"]
[Result "1/2-1/2"]
[WhiteElo "1895"]
[BlackElo "1893"]
[PlyCount "109"]
[EventDate "2018.02.11"]

1. d4 f5 2. Bg5 Nf6 3. Bxf6 exf6 4. e3 d5 5. Bd3 Be6 6. Ne2 g6 7. O-O Bd6 8. b3
O-O 9. c4 c6 10. c5 Bc7 11. b4 Nd7 12. a4 a6 13. Qc2 Re8 14. Nbc3 Nf8 15. b5
axb5 16. axb5 Qe7 17. Ra4 Bd7 18. Qa2 Rxa4 19. Qxa4 Bb8 20. Rb1 Ne6 21. bxc6
Bxc6 22. Qa2 Qd7 23. g3 Kg7 24. Bb5 h5 25. Bxc6 bxc6 26. Qa6 Bc7 27. Rb7 Rb8
28. Rxb8 Bxb8 29. Na2 g5 30. Nb4 Nd8 31. f4 31... h4 $11 32. Kf2 h3 33. Nc3 Kg6
34. Qb6 Bc7 35. Qa7 Ne6 36. Na6 Qc8 37. Nxc7 Nxc7 38. Qb6 Ne6 39. Na2 Qa8 40.
Nb4 Qa4 41. Nxc6 Qc2+ 42. Ke1 Qxh2 43. Ne7+ Kf7 44. Nxf5 Qg1+ 45. Kd2 h2 46.
Nh6+ Kg6 47. Qxe6 Qf2+ 48. Kd3 Qf1+ 49. Kd2 Qf2+ 50. Kd3 Qf1+ 51. Kd2 Qb1 52.
Ng4 Qb2+ 53. Kd3 Qb3+ 54. Kd2 Qb2+ 55. Kd3 1/2-1/2

[Event "4NCL 3 South pool B"]
[Site "Telford, ENG"]
[Date "2018.02.11"]
[Round "6.71"]
[White "Howell, Chris I"]
[Black "Friedgood, David"]
[Result "1-0"]
[WhiteElo "2012"]
[BlackElo "2206"]
[PlyCount "105"]
[EventDate "2018.02.11"]

1. e4 g6 2. d4 Bg7 3. Nf3 d6 4. h3 Nd7 5. Nc3 e5 6. Bc4 Ngf6 7. dxe5 dxe5 8.
Bg5 h6 9. Bh4 c6 10. Qd6 Qe7 11. O-O-O Qxd6 12. Rxd6 g5 13. Bg3 Nh5 14. Rhd1
Nxg3 15. fxg3 Bf8 16. R6d3 Be7 17. Nh2 Nc5 18. Rf3 O-O 19. Rdf1 Be6 20. Bxe6
fxe6 21. Ng4 Kg7 22. Nxe5 Bd6 23. Rxf8 Rxf8 24. Rxf8 Kxf8 25. Ng4 h5 26. e5 Bc7
27. Nf6 Bxe5 28. Nce4 $11 28... Kf7 29. Nxc5 Kxf6 30. Nxb7 Bxg3 31. Kd2 Ke5 32.
Kd3 Bf2 33. Nd8 c5 34. Ke2 Bg1 35. Nc6+ Kf4 36. Nxa7 Kg3 37. Kf1 Be3 38. a4 e5
39. a5 c4 40. Nb5 Bc5 41. a6 e4 42. Nc3 Kf4 43. Ke2 h4 44. b4 cxb3 45. cxb3 e3
46. b4 Ba7 47. b5 Kg3 48. Nd5 Kxg2 49. b6 Bxb6 50. Nxb6 g4 51. a7 g3 52. a8=Q+
Kh2 53. Kf3 1-0

[Event "4NCL 3 South pool B"]
[Site "Telford, ENG"]
[Date "2018.02.11"]
[Round "6.72"]
[White "Fraser-Mitchell, Jeremy N"]
[Black "Salmons, Calum"]
[Result "1/2-1/2"]
[WhiteElo "2091"]
[BlackElo "2035"]
[PlyCount "78"]
[EventDate "2018.02.11"]

1. f4 c5 2. b3 Nc6 3. e3 e6 4. Bb2 d5 5. Bb5 Nge7 6. Nf3 a6 7. Be2 Nf5 8. O-O
Be7 9. Kh1 Bf6 10. Nc3 Qa5 11. Qe1 b5 12. g4 Nd6 13. g5 Be7 14. Ne5 Bb7 15. Bf3
Qc7 16. Ne2 f6 17. Nxc6 Bxc6 18. gxf6 Bxf6 19. Bxf6 gxf6 20. Ng3 O-O-O 21. d3
f5 22. a4 b4 23. d4 Qa5 24. Rd1 Ne4 25. dxc5 Qxc5 26. Bxe4 dxe4 27. Qe2 Kb7 28.
Rd2 Rxd2 29. Qxd2 Bd5 30. Ne2 Rc8 31. Nd4 Qc3 32. Qxc3 Rxc3 33. Re1 Kc7 34. Kg1
Kd6 35. Re2 Ke7 36. Kf2 Kf6 37. Rd2 h6 38. Ne2 Rc8 39. Nd4 Rc3 1/2-1/2

[Event "4NCL 3 South pool B"]
[Site "Telford, ENG"]
[Date "2018.02.11"]
[Round "6.73"]
[White "Graham, William M"]
[Black "Smith, Graham"]
[Result "0-1"]
[WhiteElo "1905"]
[BlackElo "2042"]
[PlyCount "86"]
[EventDate "2018.02.11"]

1. c4 Nc6 2. g3 e5 3. Bg2 Nf6 4. Nc3 g6 5. d3 Bg7 6. e4 Nd4 7. Nge2 Nxe2 8.
Qxe2 c6 9. O-O O-O 10. Be3 d6 11. h3 Be6 12. d4 exd4 13. Bxd4 Qd7 14. Bxf6 Bxf6
15. Kh2 Rab8 16. Rad1 Qe7 17. Rd2 a6 18. Rfd1 Rfd8 19. f4 Bxc3 20. bxc3 b5 21.
cxb5 axb5 22. Qf2 Bc4 23. f5 f6 24. Qf4 g5 25. Qf2 c5 26. h4 h6 27. Qf3 Kg7 28.
Kh3 Bf7 29. g4 Qe5 30. Bf1 b4 31. c4 Ra8 32. Rb1 Ra3 33. Rb3 Rda8 34. Qd3 R8a6
35. Qe2 Qf4 36. h5 Bxc4 37. Qxc4 Qxd2 38. Qe6 Rxb3+ 39. axb3 Qe3+ 40. Kh2 Qf2+
41. Bg2 Qh4+ 42. Bh3 Ra2+ 43. Kg1 Qf2+ 0-1

[Event "4NCL 3 South pool B"]
[Site "Telford, ENG"]
[Date "2018.02.11"]
[Round "6.74"]
[White "Elwin, Adrian G"]
[Black "Batchelor, Paul A"]
[Result "0-1"]
[WhiteElo "2012"]
[BlackElo "1922"]
[PlyCount "140"]
[EventDate "2018.02.11"]

1. d4 Nf6 2. c4 g6 3. Nc3 Bg7 4. e4 d6 5. Be2 O-O 6. Nf3 Na6 7. h3 e5 8. dxe5
dxe5 9. Qxd8 Rxd8 10. Bg5 Re8 11. O-O-O h6 12. Be3 c6 13. g4 Nh7 14. Nd2 Nc7
15. Nf1 Ne6 16. Ng3 Nhf8 17. Bf1 Nf4 18. Nce2 N8e6 19. h4 b6 20. h5 Ba6 21. b3
Rad8 22. Nc3 Rxd1+ 23. Nxd1 Bc8 24. Nc3 Bf8 25. Nge2 Kg7 26. Nxf4 exf4 27. Bd2
Ba3+ 28. Kb1 Rd8 29. Bc1 Bxc1 30. Kxc1 Ng5 31. Rg1 Rd4 32. Be2 f3 33. Bd1 Nxe4
34. Nxe4 Rxe4 35. Bxf3 Rf4 36. Rg3 c5 37. Kd2 g5 38. Ke3 $11 38... f5 39. gxf5
Bxf5 40. Rg1 Rd4 41. Be2 Kf6 42. Rg3 Rf4 43. Rg1 Re4+ 44. Kd2 Ke5 45. Rg3 g4
46. Rg1 Kf4 47. Rg2 Rd4+ 48. Kc3 Kg5 49. f3 Kxh5 50. fxg4+ Bxg4 51. b4 Re4 52.
Bd3 cxb4+ 53. Kxb4 Re3 54. Bc2 Kg5 55. c5 bxc5+ 56. Kxc5 Re2 57. Rxe2 Bxe2 58.
Kd4 Kf4 59. Bg6 Bg4 60. Bf7 Kg5 61. Ke5 Bd1 62. a3 Bc2 63. Be6 h5 64. Bh3 Kh4
65. Be6 Kg3 66. Kd4 h4 67. Ke3 Bd1 68. Bd7 Bg4 69. Bc6 h3 70. Bh1 h2 0-1

[Event "4NCL 3 South pool B"]
[Site "Telford, ENG"]
[Date "2018.02.11"]
[Round "6.75"]
[White "Sutton, Daniel"]
[Black "Freeman, Richard C P"]
[Result "1/2-1/2"]
[WhiteElo "1960"]
[BlackElo "2014"]
[PlyCount "57"]
[EventDate "2018.02.11"]

1. e4 c5 2. c3 g6 3. d4 cxd4 4. cxd4 d5 5. exd5 Nf6 6. Nc3 Nxd5 7. Nf3 Bg7 8.
Bc4 Nxc3 9. bxc3 O-O 10. O-O Qc7 11. Qb3 Nc6 12. Ng5 e6 13. Bd3 b6 14. Ba3 Rd8
15. f4 Na5 16. Qc2 Nc4 17. Bc1 Bb7 18. Qe2 Rac8 19. Rb1 Bd5 20. h4 h6 21. Ne4
h5 22. Ng5 Nd6 23. Bd2 Bxa2 24. Ra1 Bc4 25. g4 hxg4 26. Bxc4 Nxc4 27. Bc1 Nd6
28. Bd2 Nc4 29. Bc1 1/2-1/2

[Event "4NCL 3 South pool B"]
[Site "Telford, ENG"]
[Date "2018.02.11"]
[Round "6.76"]
[White "Habershon, Paul F"]
[Black "Ifalore, Michael"]
[Result "1-0"]
[WhiteElo "2011"]
[BlackElo "1912"]
[PlyCount "85"]
[EventDate "2018.02.11"]

1. d4 Nf6 2. Nf3 d5 3. c4 e6 4. Nc3 Be7 5. g3 O-O 6. Bg2 dxc4 7. Qa4 a6 8. Qxc4
b5 9. Qd3 Bb7 10. Bg5 Nbd7 11. a3 c5 12. dxc5 Nxc5 13. Qxd8 Rfxd8 14. O-O h6
15. Be3 Rac8 16. Rad1 Nd5 17. Nxd5 Bxd5 18. Nd4 Bxg2 19. Kxg2 Bf6 20. Kf3 e5
21. Nf5 e4+ 22. Kg2 Nb3 23. Nd6 Rc2 24. Nxe4 Rxd1 25. Nxf6+ gxf6 26. Rxd1 Rxe2
27. Bxh6 Rxb2 28. Rd6 a5 29. Rxf6 Ra2 30. Rf5 Rxa3 31. Rxb5 a4 32. Rb8+ Kh7 33.
Bf8 Ra2 34. Ra8 Nc1 35. Bc5 Nd3 36. Bd4 Ne1+ 37. Kh3 Nc2 38. Be5 a3 39. g4 Nb4
40. f4 Nd3 41. Rh8+ Kg6 42. f5+ Kg5 43. Rh5# 1-0

[Event "4NCL 3 South pool B"]
[Site "Telford, ENG"]
[Date "2018.02.11"]
[Round "6.81"]
[White "Mihalik, Agoston"]
[Black "Steele, Rhys"]
[Result "1-0"]
[WhiteElo "2157"]
[BlackElo "2064"]
[PlyCount "41"]
[EventDate "2018.02.11"]

1. e4 c6 2. d4 d5 3. e5 Bf5 4. Nf3 e6 5. Be2 c5 6. Be3 cxd4 7. Nxd4 Ne7 8. O-O
Nbc6 9. Bb5 a6 10. Bxc6+ bxc6 11. c4 Qd7 12. Qa4 Bd3 13. Rc1 Bxc4 14. Na3 Bb5
15. Naxb5 cxb5 16. Qa5 Ng6 17. Rc7 Bb4 18. Qb6 Qd8 19. Nc6 Qh4 20. Nxb4 Qxb4
21. Qc6+ 1-0

[Event "4NCL 3 South pool B"]
[Site "Telford, ENG"]
[Date "2018.02.11"]
[Round "6.82"]
[White "Humphreys, Jerry G"]
[Black "Truran, Michael C"]
[Result "1-0"]
[WhiteElo "2035"]
[BlackElo "2172"]
[PlyCount "86"]
[EventDate "2018.02.11"]

1. c4 c5 2. Nf3 Nf6 3. Nc3 e6 4. g3 b6 5. Bg2 Bb7 6. O-O Be7 7. Re1 d6 8. d4
cxd4 9. Nxd4 Bxg2 10. Kxg2 O-O 11. e4 a6 12. Be3 Qc7 13. Rc1 Qb7 14. f3 Nbd7
15. Qe2 Rac8 16. Red1 Rc7 17. b3 Rfc8 18. Qb2 Ne5 19. a3 Rd7 20. Nde2 Rcd8 21.
Nf4 g5 22. Nd3 g4 23. Nxe5 dxe5 24. Rxd7 gxf3+ 25. Kxf3 Rxd7 26. b4 Qc6 27. Qe2
Nxe4 28. Nxe4 f5 29. Qc2 Bf8 30. Ke2 fxe4 31. Rd1 Rf7 32. Rd8 Qc7 33. Rd1 Qb7
34. Rd8 Kg7 35. Qd2 Kg6 36. h4 Qc7 37. c5 bxc5 38. Bxc5 Bh6 39. Rg8+ Rg7 40.
Rxg7+ Qxg7 41. Be3 Bxe3 42. Qxe3 Kf7 43. Qa7+ Kf6 1-0

[Event "4NCL 3 South pool B"]
[Site "Telford, ENG"]
[Date "2018.02.11"]
[Round "6.83"]
[White "Onslow, Alfie"]
[Black "Davies, Matthew"]
[Result "1-0"]
[WhiteElo "2177"]
[BlackElo "2006"]
[PlyCount "53"]
[EventDate "2018.02.11"]

1. e4 e6 2. d4 d5 3. Nd2 Nf6 4. e5 Nfd7 5. Bd3 c5 6. c3 Nc6 7. Ne2 Be7 8. f4
O-O 9. Nf3 f6 10. O-O cxd4 11. cxd4 Qb6 12. Kh1 f5 13. Rg1 Kh8 14. g4 g6 15.
Qf1 Nb4 16. Bb1 Qc7 17. Nc3 Nb6 18. gxf5 exf5 19. a3 Nc6 20. Bd2 Be6 21. Be1
Rac8 22. Qh3 Rg8 23. Nh4 Bxh4 24. Bxh4 Nd7 25. Ba2 Nxd4 26. Rad1 Qb6 27. Na4
1-0

[Event "4NCL 3 South pool B"]
[Site "Telford, ENG"]
[Date "2018.02.11"]
[Round "6.84"]
[White "Jukes, Sam"]
[Black "Martin, Lewis"]
[Result "0-1"]
[WhiteElo "1899"]
[BlackElo "2067"]
[PlyCount "56"]
[EventDate "2018.02.11"]

1. e4 c5 2. Nf3 d6 3. d4 cxd4 4. Qxd4 Nc6 5. Bb5 Bd7 6. Bxc6 Bxc6 7. Nc3 Nf6 8.
Bg5 e6 9. O-O-O Be7 10. Rhe1 Qa5 11. Kb1 O-O 12. Qd2 Qb6 13. Nd4 Rac8 14. f4 h6
15. h4 Rfd8 16. f5 hxg5 17. hxg5 Nh7 18. g6 Ng5 19. Qe2 Bf6 20. Rh1 fxg6 21.
fxg6 Kf8 22. Nf5 exf5 23. exf5 Ne4 24. Ka1 Ke7 25. Rd5 Qxb2+ 26. Kxb2 Bxc3+ 27.
Kb1 Bxd5 28. Rd1 Be5 0-1

[Event "4NCL 3 South pool B"]
[Site "Telford, ENG"]
[Date "2018.02.11"]
[Round "6.85"]
[White "Richmond, Jane"]
[Black "Howell, Oliver W"]
[Result "1/2-1/2"]
[WhiteElo "2097"]
[BlackElo "1975"]
[PlyCount "48"]
[EventDate "2018.02.11"]

1. e4 e6 2. d4 d5 3. Nc3 Bb4 4. e5 Ne7 5. Bd2 b6 6. Nb5 Bxd2+ 7. Qxd2 Nf5 8. g4
Nh4 9. Qc3 Na6 10. f4 O-O 11. O-O-O f6 12. Nf3 Nxf3 13. Qxf3 fxe5 14. dxe5 Qg5
15. fxg5 Rxf3 16. Bg2 Rf2 17. Rd2 Rxd2 18. Kxd2 Bd7 19. a4 Rf8 20. Rf1 Bxb5 21.
axb5 Nc5 22. Ke3 Rxf1 23. Bxf1 Na4 24. b3 Nc5 1/2-1/2

[Event "4NCL 3 South pool B"]
[Site "Telford, ENG"]
[Date "2018.02.11"]
[Round "6.86"]
[White "Hassall, Mark I"]
[Black "Hackett, Dave G"]
[Result "1/2-1/2"]
[WhiteElo "1949"]
[BlackElo "2099"]
[PlyCount "73"]
[EventDate "2018.02.11"]

1. e4 c5 2. Nf3 Nc6 3. d4 cxd4 4. Nxd4 e5 5. Nb5 a6 6. Nd6+ Bxd6 7. Qxd6 Qf6 8.
Qxf6 Nxf6 9. Nc3 d5 10. exd5 Nb4 11. Bd3 Nxd3+ 12. cxd3 Bf5 13. O-O Kd7 14. Rd1
Rac8 15. Bg5 Bg6 16. Rac1 b5 17. Bxf6 gxf6 18. Ne4 Bxe4 19. dxe4 f5 20. f3 fxe4
21. fxe4 Rc4 22. Rxc4 bxc4 23. Rc1 Rb8 24. Rxc4 Rxb2 25. Ra4 Rb6 26. Kf2 Kd6
27. Ke3 Kc5 28. Ra3 Rh6 29. h3 Rg6 30. Kf2 Kd4 31. Rf3 Kxe4 32. Rxf7 h6 33. Rd7
Kd4 34. d6 e4 35. g4 Rf6+ 36. Ke2 e3 37. Re7 1/2-1/2